000
00281nam a2200109Ia 4500
001
588686
005
20250717120836.0
008
250717s9999 xx 000 0 und d
245
0
_a
Y-3 BİR ÖMÜR NASIL YAŞANIR
_c
İLBER ORTAYLI
260
_b
KRONİK YAYINLARI
_c
2020
300
_b
285
999
_c
588686
_d
588686